| 000 | 01490nam a2200337Ia 4500 | ||
|---|---|---|---|
| 001 | ebr10342338 | ||
| 003 | CaPaEBR | ||
| 006 | m u | ||
| 007 | cr cn||||||||| | ||
| 008 | 090812s2009 pau sb 001 0 eng d | ||
| 010 | _z 2009033359 | ||
| 020 | _z9789027206251 (hb : alk. paper) | ||
| 040 |
_aCaPaEBR _cCaPaEBR |
||
| 035 | _a(OCoLC)649901389 | ||
| 050 | 1 | 4 |
_aDS119.76 _b.B3995 2009eb |
| 082 | 0 | 4 |
_a956.05/4 _222 |
| 100 | 1 | _aBazzi, Samia. | |
| 245 | 1 | 0 |
_aArab news and conflict _h[electronic resource] : _ba multidisciplinary discourse study / _cSamia Bazzi. |
| 260 |
_aPhiladelphia ; _aAmsterdam : _bJohn Benjamins Pub. Company, _cc2009. |
||
| 300 | _axiv, 222 p. | ||
| 490 | 1 |
_aDiscourse approaches to politics, society and culture, _xISSN 1569-9463 ; _vv. 34 |
|
| 504 | _aIncludes bibliographical references and index. | ||
| 533 |
_aElectronic reproduction. _bPalo Alto, Calif. : _cebrary, _d2011. _nAvailable via World Wide Web. _nAccess may be limited to ebrary affiliated libraries. |
||
| 650 | 0 |
_aArab-Israeli conflict _y1993- _xMass media and the conflict. |
|
| 650 | 0 |
_aMass media _xPolitical aspects _zArab countries. |
|
| 650 | 0 |
_aCritical discourse analysis _zArab countries. |
|
| 655 | 7 |
_aElectronic books. _2local |
|
| 710 | 2 | _aebrary, Inc. | |
| 830 | 0 |
_aDiscourse approaches to politics, society, and culture ; _vv. 34. |
|
| 856 | 4 | 0 |
_uhttp://site.ebrary.com/lib/rucke/Doc?id=10342338 _zAn electronic book accessible through the World Wide Web; click to view |
| 999 |
_c46381 _d46381 |
||